Il fabbricante di eco : romanzo /
Gorde:
| Egile nagusia: | |
|---|---|
| Beste egile batzuk: | |
| Formatua: | Liburua |
| Hizkuntza: | italiera |
| Argitaratua: |
Milano :
Mondadori,
2008
|
| Saila: | Scrittori italiani e stranieri
|
| Etiketak: |
Etiketarik gabe, Izan zaitez lehena erregistro honi etiketa jartzen!
|
MARC
| LEADER | 00000nam a22000007i 4500 | ||
|---|---|---|---|
| 001 | IT\ICCU\UBO\3430128 | ||
| 003 | ItRI | ||
| 005 | 20251010095944.0 | ||
| 008 | 080529s2008 it |||||| ||||| |||||c | ||
| 020 | |a 9788804579786 | ||
| 040 | |b ita |c ct | ||
| 041 | 7 | |a ita |2 ISO-639-2 | |
| 082 | |a 813.54 |2 21 | ||
| 100 | 1 | |a Powers, Richard, |d (1957- ) |0 IT\ICCU\RAVV\065618 |4 aut | |
| 240 | 1 | 4 | |a The echo maker. |9 Powers, Richard <1957- > |
| 245 | 1 | 3 | |a Il fabbricante di eco : |b romanzo / |c Richard Powers ; traduzione di Giovanna Granato. |
| 260 | |a Milano : |b Mondadori, |c 2008 | ||
| 300 | |a 573 p. ; |c 23 cm. | ||
| 700 | 1 | |a Granato, Giovanna |0 IT\ICCU\BVEV\028365 | |
| 830 | 0 | |a Scrittori italiani e stranieri |0 IT\ICCU\CFI\0000594 | |
| 942 | |2 ddc |c BK | ||
| 952 | |0 0 |1 0 |2 ddc |4 0 |6 B_LNR02POWRIFAB11 |7 0 |9 7760 |a MI |b MI |d 2012-12-10 |i 6509 |l 0 |o B-LNR02-POWRI-FAB11 |p CDOM6509 |r 2025-07-13 16:28:00 |w 2025-07-13 |x DONO |y BK | ||
| 981 | 1 | |6 z01 |a i |b xxxe | |
| 982 | 1 | |6 z01 |a n | |
| 999 | |c 6432 |d 6432 | ||